| 000 | 00554cam a2200217ua 4500 | ||
|---|---|---|---|
| 020 |
_a81-7008-055-X _c160.00 |
||
| 041 |
_aeng _h |
||
| 082 |
_a510.2462 _bBAL/CO |
||
| 100 | _aBali, N P . | ||
| 245 |
_aCompressive engineering mathematics / _cN P Bali. _hTextual Documents |
||
| 250 |
_a4 / _b. |
||
| 260 |
_aNew Delhi : _bLaxmi Publications , _c1996. |
||
| 300 |
_a1019 : _b506 ; . |
||
| 365 | _a160.00 | ||
| 500 | _a19194 CSS | ||
| 504 | _a | ||
| 942 | _cBK | ||
| 999 |
_c10583 _d10583 |
||